| 000 | 00642nam a22002177a 4500 | ||
|---|---|---|---|
| 005 | 20250724114405.0 | ||
| 010 | _aENG-146104-105 | ||
| 020 |
_a9789367137826 _c830.00 |
||
| 020 |
_a9789367136614 _c790.00 |
||
| 035 | _aEN-129636-637 | ||
| 037 | _bDBAD | ||
| 082 |
_a570 _27 |
||
| 100 |
_aRajiv Vijay _983242 |
||
| 245 |
_aObjective Biology for NEET 2026/ _cRajiv Vijay |
||
| 250 | _a7 | ||
| 260 |
_aNoida _bPearson India Education _c2025 |
||
| 270 |
_a15th Floor, Towe-B, World Trade Tower, Plot No.1, Block-C, Sector-16 _bNoida _e201301 |
||
| 300 |
_avpp. _c25cm(pbk) |
||
| 490 | _v1,2 | ||
| 942 |
_2ddc _cEN _h570 _mRAJ |
||
| 999 |
_c212535 _d212535 |
||